00317nam a2200145Ia 45000030006000000080041000060400015000471000020000622450017000822500006000992600029001053000006001345460014001400050017001540STCL150530s9999 xx 000 0 und d aSTCLcSTCL aKakkanadan,G.V. aUshnameghala a8 bDC Books; Kottayamc2007 a0 aMalayalam20220125171611.0